|
|
|
|
| LEADER |
00000nam0a2200000 4500 |
| 001 |
319299 |
| 005 |
20231102003151.0 |
| 035 |
|
|
|a (RuTPU)RU\TPU\book\344808
|
| 090 |
|
|
|a 319299
|
| 100 |
|
|
|a 20160526d1952 km y0rusy50 ca
|
| 101 |
0 |
|
|a rus
|
| 102 |
|
|
|a RU
|
| 105 |
|
|
|a a z 001zy
|
| 200 |
1 |
|
|a Центральные Черноземные области. Физико-географическое описание
|f Академия наук СССР, Институт географии ; под ред. А. А. Григорьева, Г. Д. Рихтера
|
| 210 |
|
|
|a Москва
|c Изд-во Академии наук СССР
|d 1952
|
| 215 |
|
|
|a 158 с.
|c ил.
|
| 320 |
|
|
|a Библиогр.: с. 149
|
| 320 |
|
|
|9 572
|a Географический указатель: с. 152-154
|
| 606 |
1 |
|
|a География
|y Россия
|2 stltpush
|3 (RuTPU)RU\TPU\subj\69320
|9 84231
|
| 610 |
1 |
|
|a физическая география
|
| 610 |
1 |
|
|a Центрально-Черноземный регион
|
| 610 |
1 |
|
|a геологическое строение
|
| 610 |
1 |
|
|a рельеф
|
| 610 |
1 |
|
|a климат
|
| 610 |
1 |
|
|a воды
|
| 610 |
1 |
|
|a почвы
|
| 610 |
1 |
|
|a растительность
|
| 610 |
1 |
|
|a животный мир
|
| 610 |
1 |
|
|a ландшафты
|
| 675 |
|
|
|a 91(47+57)
|v 4
|
| 702 |
|
1 |
|a Григорьев
|b А. А.
|4 340
|
| 702 |
|
1 |
|a Рихтер
|b Г. Д.
|4 340
|
| 712 |
0 |
2 |
|a Академия наук СССР
|b Институт географии
|c (Москва)
|c (1936-1991)
|2 stltpush
|3 (RuTPU)RU\TPU\col\11388
|9 25083
|
| 801 |
|
1 |
|a RU
|b 63413507
|c 20160526
|
| 801 |
|
2 |
|a RU
|b 63413507
|c 20200327
|g RCR
|
| 942 |
|
|
|c BK
|